Obálka Náhled e-knihy:
Epub
Pro půjčování e-knih musíte být přihlášeni.
Jak si půjčit online?

Karel IV.. Vzpoura vévodů /

Historický román z poloviny čtrnáctého století je do značné míry inspirován skutečnými událostmi z doby krále Karla IV.

Uloženo v:
Série:Lucemburská sága, část
Hlavní autor: Jindra, Jaromír, 1949- (Autor)
Médium: E-kniha
Jazyk:Czech
Vydáno: Praha : Ikar, 2023
Vydání:Vydání první
Témata:
On-line přístup:Plný text - pro registrované uživatele NK ČR
Příbuzné jednotky:Z cyklu:: Lucemburská sága
Tagy:
Žádné tagy
LEADER 02949nam a2200529 i 4500
001 312028
003 CZ PrSKC
005 20260601215715.0
007 ta
008 230808s2023 xr g 000 f cze
015 |a cnb003515512 
020 |a 9788024951157  |q (vázáno) 
035 |a (OCoLC)1402155239 
040 |a ABG001  |b cze  |e rda 
043 |a e-xr--- 
045 |a r-r- 
072 7 |a 821.162.3-3  |x Česká próza  |2 Konspekt 
080 |a 821.162.3-31  |2 MRF 
080 |a 929.731  |2 MRF 
080 |a (437.3)  |2 MRF 
080 |a (0:82-311.6)  |2 MRF 
100 1 |a Jindra, Jaromír,  |d 1949-  |7 jn20000401239  |4 aut 
245 1 0 |a Karel IV..  |p Vzpoura vévodů /  |c Jaromír Jindra 
246 3 0 |a Vzpoura vévodů 
250 |a Vydání první 
264 1 |a Praha :  |b Ikar,  |c 2023 
300 |a 387 stran ;  |c 21 cm 
336 |a text  |b txt  |2 rdacontent 
337 |a bez média  |b n  |2 rdamedia 
338 |a svazek  |b nc  |2 rdacarrier 
520 2 |a Historický román z poloviny čtrnáctého století je do značné míry inspirován skutečnými událostmi z doby krále Karla IV.  |b Matouš Rozoumek, kdysi dvořan Jana Lucemburského, narazí na stopy chystané vzpoury vévodů, jejímž cílem je sesadit Karla IV. z trůnu panovníka Svaté říše římské. Spiklencům nahrává neúroda a z ní pramenící hladomor, stejně jako Karlovy soukromé problémy - smrt prvorozeného syna, druhé manželky i nedoléčené zranění. Také Matoušovu synovi, veliteli královy osobní družiny, se komplikuje život, poté co zjistí, že je mu Barborka nevěrná. Jak si oba Karlové poradí ve složitých situacích? Najde král způsob, jak rozbít jednotu spiklenců, aniž by proti nim musel vojensky zasáhnout? Nakladatelská anotace. 
600 0 7 |a Karel  |b IV.,  |c český král a římský císař,  |d 1316-1378  |7 jk01053000  |2 czenas 
648 7 |a 14. století  |7 ch460552  |2 czenas 
650 0 7 |a panovníci  |7 ph117250  |z Česko  |y 14. století  |2 czenas 
650 0 9 |a kings and rulers  |z Czechia  |y 14th century  |2 eczenas 
655 7 |a české romány  |7 fd133974  |2 czenas 
655 7 |a historické romány  |7 fd132414  |2 czenas 
655 9 |a Czech fiction  |2 eczenas 
655 9 |a historical novels  |2 eczenas 
787 0 8 |i Z cyklu:  |t Lucemburská sága 
856 4 1 |u https://www.bookport.cz/AccountSaml/SignIn/?idp=https%3A%2F%2Fshibboleth.nkp.cz%2Fidp%2Fshibboleth&returnUrl=/kniha/karel-iv-vzpoura-vevodu-14366/  |y Plný text - pro registrované uživatele NK ČR  |4 N 
900 |a ABA001  |b 21 
928 9 |a Euromedia Group - Ikar 
044 |a xr 
910 |a RBIT002 
998 |d 381920  |a https://core.palmknihy.cz/api/books/381920/cover?rz0mal  |b https://core.palmknihy.cz/api/books/381920/cover/400?rz0mal  |c https://core.palmknihy.cz/api/books/381920/cover/50?rz0mal  |e 2029-11-14  |g 392  |i 9788024951157  |j https://core.palmknihy.cz/api/books/381920/preview.epub  |l   |q 49  |r 1  |s https://www.palmknihy.cz/kniha/381920  |t ebook  |y 2023  |z 0  |v Lucemburská sága  |w 7 
999 |d 312026